=LDR 00000nam 2200000 4500 =001 INLIS000000000016257 =005 20130612111527 =008 ***********************************Ind** =035 ##$$0010-061300000016257 =041 ##$$a Ind =082 ##$$a F Rom K =090 ##$$a F Rom K, Mir m =100 ##$$a Mirta Herman =245 ##$$a Murni gadis pembatik, Oleh herman Murta =260 ##$$a 2001 $b Jakarta =300 ##$$a 210 hlm, ilus, 21 cm =650 ##$$a Fiksi Kanak-kanak =850 ##$$a NBPNMAT